| 000 | 00418nam a2200145Ia 4500 | ||
|---|---|---|---|
| 008 | 170224s9999 xx 000 0 und d | ||
| 100 | _aBojana Spasojevic | ||
| 245 | _aTourism and oil: preparing for the challenge | ||
| 245 | _cBojana Spasojevic | ||
| 260 | _bJournal of Policy Research in Tourism, Leisure and Events | ||
| 260 | _c2016 | ||
| 300 | _a8:2, Pages: 224-225 | ||
| 500 | _a2016 | ||
| 650 | _xTourism. | ||
| 999 |
_c315639 _d315639 |
||